<?xml version="1.0" encoding="UTF-8"?><record xmlns="http://www.loc.gov/MARC21/slim" xmlns:zs="http://docs.oasis-open.org/ns/search-ws/sruResponse">
  <leader>00443cz  a2200145n  4500</leader>
  <controlfield tag="001">n  86863866 </controlfield>
  <controlfield tag="003">DLC</controlfield>
  <controlfield tag="005">20161008053459.0</controlfield>
  <controlfield tag="008">861107n| azannaabn          |n aaa     c</controlfield>
  <datafield ind1=" " ind2=" " tag="010">
    <subfield code="a">n  86863866 </subfield>
  </datafield>
  <datafield ind1=" " ind2=" " tag="035">
    <subfield code="a">(OCoLC)oca01709520</subfield>
  </datafield>
  <datafield ind1=" " ind2=" " tag="040">
    <subfield code="a">ICU</subfield>
    <subfield code="b">eng</subfield>
    <subfield code="e">rda</subfield>
    <subfield code="c">ICU</subfield>
    <subfield code="d">OCoLC</subfield>
    <subfield code="d">DNLM</subfield>
  </datafield>
  <datafield ind1=" " ind2=" " tag="046">
    <subfield code="f">1888</subfield>
    <subfield code="g">1968</subfield>
    <subfield code="2">edtf</subfield>
  </datafield>
  <datafield ind1="1" ind2=" " tag="100">
    <subfield code="a">Kahn, Fritz,</subfield>
    <subfield code="d">1888-1968</subfield>
  </datafield>
  <datafield ind1=" " ind2=" " tag="670">
    <subfield code="a">LCCN 15-15804: His Die Milchstrasse, 1914</subfield>
    <subfield code="b">(hdg.: Kahn, Fritz, 1888-1968; usage: Fritz Kahn)</subfield>
  </datafield>
</record>
